100 Premier League Appearances: Manchester United - Statistics

General Stats
  • This quiz has been taken 69 times
  • The average score is 8 of 15
Answers on the Grid
Answers color-coded by a green-red scale on the quiz's grid according to % correct below.
Michael Owen
Owen Hargreaves
Ryan Giggs
Paul Scholes
Memphis Depay
Mikael Silvestre
Chris Smalling
Louis Saha
Anthony Elanga
Adnan Januzaj
Paul Parker
Edwin van der Sar
Wayne Rooney
Mark Hughes
Fabien Barthez
Gary Neville
Dimitar Berbatov
Eric Bailly
Ashley Young
Jonny Evans
Nicky Butt
Tom Cleverley
Diego Forlan
Wes Brown
Ander Herrera
Raphael Varane
Romelu Lukaku
Quinton Fortune
Cristiano Ronaldo
Carlos Tevez
 
Answer Stats
Answer % Correct
Ryan Giggs
96%
Paul Scholes
85%
Wayne Rooney
77%
Chris Smalling
74%
Edwin van der Sar
74%
Gary Neville
64%
Cristiano Ronaldo
60%
Ashley Young
51%
Mikael Silvestre
51%
Wes Brown
47%
Nicky Butt
43%
Dimitar Berbatov
32%
Mark Hughes
32%
Ander Herrera
30%
Jonny Evans
30%
No matching quizzes found
Score Distribution
Percent of People with Each Score
Percentile by Number Answered
Your Score History
You have not taken this quiz